[Event "Carlos Di Sarli in memorian"]
[Site "SchemingMind.com"]
[Date "2006.12.10"]
[Round "-"]
[White "Tahur"]
[Black "Negrito19"]
[Result "0-1"]
[WhiteCountry "ARG"]
[BlackCountry "ARG"]
[WhiteElo "1468"]
[WhiteRD "55"]
[BlackElo "1551"]
[BlackRD "55"]
[GameID "80988"]

1. d4 d5 2. Nc3 Nf6 3. Bf4 Nc6 4. e3 Bf5 5. a3 e5 6. dxe5 Ng4 7. Nxd5 Ngxe5 8. Bb5 Bd6 9. Bxc6+ bxc6 10. Nc3 Qf6
11. Nf3 O-O-O 12. Nxe5 Bxe5 13. Qf3 Bxc3+ 14. Ke2 Rd2+ 15. Kf1 Bxb2 16. Ra2 Rxc2 17. a4 Bd3+ 18. Ke1 Qc3+
0-1

[Event "Carlos Di Sarli in memorian"]
[Site "SchemingMind.com"]
[Date "2006.12.10"]
[Round "-"]
[White "Negrito19"]
[Black "Tahur"]
[Result "0-1"]
[WhiteCountry "ARG"]
[BlackCountry "ARG"]
[WhiteElo "1551"]
[WhiteRD "55"]
[BlackElo "1468"]
[BlackRD "55"]
[GameID "80990"]

1. e4 e5 2. Nf3 Nc6 3. Bc4 h6 4. Nc3 Bc5 5. a3 d6 6. h3 a6 7. b4 Bd4 8. Bb2 Nf6 9. Nxd4 exd4 10. Nd5 Nxd5
11. Bxd5 Qg5 12. Qf3 O-O 13. O-O-O Ne5 14. Qg3 Qxg3 15. fxg3 Rb8 16. Bxd4 c6 17. Bb3 Be6 18. Bxe6 fxe6 19. Bb6 Nc4 20. Bc7 Rbc8
21. d3 Rxc7 22. dxc4 Rd7 23. e5 d5 24. cxd5 cxd5 25. g4 Rf2 26. Rh2 Re2 27. Rd4 Rc7 28. Rd2 Rxe5 29. g5 Rxg5 30. h4 Re5
31. g4 Re3 32. Rde2 Rxe2 33. Rxe2 Kf7 34. Rf2+ Ke7 35. Rf4 Rc4 36. Rxc4 dxc4 37. Kd2 Kd6 38. c3 Ke5 39. Ke3 Kd5 40. a4= e5
41. g5 hxg5 42. hxg5= e4 43. Kf4 g6 44. b5 axb5 45. axb5 b6 46. Kg4 Ke5 47. Kg3 Kf5 48. Kf2 Kf4 49. Ke2 e3 50. Ke1 Kxg5
51. Ke2 Kf4 52. Kd1 Kf3 53. Kc2 Kf2 54. Kb2 e2 55. Ka3 e1=Q 56. Kb4 Qxc3+ 57. Kxc3 g5 58. Kxc4 g4 59. Kd5 g3 60. Kc6 g2
61. Kxb6 g1=Q 62. Ka6 Qg6+ 63. b6 Qd3+ 64. Ka7 Qd4 65. Ka6 Qa4+ 66. Kb7 Ke3 67. Kc7 Qa5 68. Kc6 Kd4 69. b7 Qc5+ 70. Kd7 Qb5+
71. Kc8 Qa6 72. Kc7 Qa7 73. Kc8 Qa6 74. Kc7 Qa7 75. Kc8 Qc5+ 76. Kb8 Kd5 77. Ka8= Qc6 78. Ka7= Qc7 79. Ka8= Qa5+ 80. Kb8= Kc6
81. Kc8 Qc7#
0-1

[Event "Carlos Di Sarli in memorian"]
[Site "SchemingMind.com"]
[Date "2006.12.09"]
[Round "-"]
[White "Guillote"]
[Black "Tahur"]
[Result "1-0"]
[WhiteCountry "ARG"]
[BlackCountry "ARG"]
[WhiteElo "1587"]
[WhiteRD "76"]
[BlackElo "1468"]
[BlackRD "55"]
[GameID "81201"]

1. e4 e5 2. Nf3 Nc6 3. Bb5 d6 4. Nc3 Bd7 5. d3 h6 6. h3 Nf6 7. O-O a6 8. Ba4 b5 9. Bb3 Be6 10. Nh2 Bxb3
11. axb3 d5 12. f4 dxe4 13. fxe5 Bc5+ 14. Kh1 Nxe5 15. Bf4 Bd6 16. Nxe4 Nxe4 17. dxe4 O-O 18. Qe2 Re8 19. Rad1 f6 20. Qh5 Nc6
21. Ng4 Rxe4 22. Qd5+ Kf8 23. Qxe4 Qd7 24. Bxd6+ cxd6 25. Rfe1 f5 26. Qf4 Kg8 27. Ne3 Ne7 28. Rxd6 Qc7 29. Red1 Qa5 30. Nxf5 Nxf5
31. Qxf5 b4 32. Qxa5
1-0

[Event "Carlos Di Sarli in memorian"]
[Site "SchemingMind.com"]
[Date "2006.12.10"]
[Round "-"]
[White "Guillote"]
[Black "Negrito19"]
[Result "0-1"]
[WhiteCountry "ARG"]
[BlackCountry "ARG"]
[WhiteElo "1587"]
[WhiteRD "76"]
[BlackElo "1551"]
[BlackRD "55"]
[GameID "81202"]

1. e4 e5 2. Nf3 Nc6 3. Bb5 a6 4. Bxc6 bxc6 5. Nxe5 Bb7 6. Nc3 d5 7. O-O Bd6 8. f4 Bxe5 9. fxe5 dxe4 10. Nxe4 Qd4+
11. Nf2 O-O-O 12. Qg4+ Qxg4 13. Nxg4 Rd4 14. h3 Nh6 15. Nxh6 gxh6 16. Rxf7 c5 17. d3 Rg8 18. Rf2 Rh4 19. Kh2 c4 20. dxc4 Rxc4
21. c3 Bd5 22. Be3 Re4 23. Bd4 h5 24. Rf7 Bxf7
0-1

[Event "Carlos Di Sarli in memorian"]
[Site "SchemingMind.com"]
[Date "2006.12.09"]
[Round "-"]
[White "Tahur"]
[Black "Guillote"]
[Result "0-1"]
[WhiteCountry "ARG"]
[BlackCountry "ARG"]
[WhiteElo "1468"]
[WhiteRD "55"]
[BlackElo "1587"]
[BlackRD "76"]
[GameID "81204"]

1. e4 e5 2. Nf3 Nc6 3. Nc3 Bc5 4. Bc4 Nf6 5. d3 d6 6. h3 O-O 7. a3 h6 8. O-O Nh7 9. b4 Bb6 10. Nd5 Bd4
11. Nxd4 Nxd4 12. Be3 c6 13. Nc3 d5 14. exd5 cxd5 15. Bxd5 Nf6 16. Be4 Be6 17. Bxb7 Rb8 18. Be4 Qc7 19. Ne2 Qxc2 20. Qxc2 Nxc2
21. Rac1 Nxe3 22. fxe3 Nxe4 23. dxe4 Rfd8 24. Nc3 Rd3 25. Rfe1 Rc8 26. Nb5 a6 27. Rxc8+ Bxc8 28. Nc7 Rxa3 29. Nd5 Be6 30. Nc7 Bd7
31. Nd5 Rb3 32. h4= Be6 33. Ne7+= Kf8 34. Nc6 f6 35. Kf2 h5 36. Ra1 Bc4 37. Rc1 Bb5 38. Kf3 Ke8 39. g3= Kd7 40. Na7 Rxb4
41. Nxb5 axb5 42. Rc5 Rb1 43. Rd5+ Ke7 44. Rc5 b4 45. Ke2 b3 46. Kd2 Kd6 47. Ra5 b2 48. Kc2 Rg1 49. Kxb2 Rxg3 50. Ra7 Rxe3
51. Rxg7= Rxe4 52. Rg6 Ke6 53. Kc2 Rxh4 54. Rg2 Rh3 55. Kd2 e4 56. Ke2 f5 57. Rg6+ Ke5 58. Rg5 Kf4 59. Rg2 h4 60. Rf2+ Rf3
61. Rxf3+ exf3+ 62. Kf2 Ke4 63. Kf1 h3 64. Kg1 Ke3 65. Kh2 f2 66. Kxh3 f1=Q+ 67. Kh4 Qg1 68. Kh5 Ke4 69. Kh6 Ke5 70. Kh5 Qg4+
71. Kh6 Kf6
0-1

[Event "Carlos Di Sarli in memorian"]
[Site "SchemingMind.com"]
[Date "2006.12.10"]
[Round "-"]
[White "Negrito19"]
[Black "Guillote"]
[Result "1-0"]
[WhiteCountry "ARG"]
[BlackCountry "ARG"]
[WhiteElo "1551"]
[WhiteRD "55"]
[BlackElo "1587"]
[BlackRD "76"]
[GameID "81205"]

1. e4 d6 2. d4 g6 3. Nf3 Bg7 4. Bc4 Nf6 5. Nc3 b6 6. Ng5 O-O 7. Qf3 Bb7 8. h4 Nc6 9. Be3 Nb4 10. O-O-O a5
11. a3 Nc6 12. d5 Ne5 13. Qe2 Nxc4 14. Qxc4 Ng4 15. Bd4 Bxd4 16. Qxd4 e6 17. dxe6 f6 18. Nf7 Qe7 19. Nd5 Bxd5 20. exd5 Ne5
21. Nxe5 fxe5 22. Qd2 Rf6 23. Rde1 Raf8 24. f3 Rf4 25. Re3 Rc8 26. g3 Rd4 27. Rd3 c6 28. Rxd4 exd4 29. Qxd4 cxd5 30. Qxd5 Rc5
31. Qa8+ Kg7 32. Re1 Qc7 33. c3 Re5 34. Rxe5 dxe5 35. Qe8 e4 36. Qd7+
1-0

[Event "Carlos Di Sarli in memorian"]
[Site "SchemingMind.com"]
[Date "2006.12.10"]
[Round "-"]
[White "Brerrabbit"]
[Black "Tahur"]
[Result "0-1"]
[WhiteCountry "SCO"]
[BlackCountry "ARG"]
[WhiteElo "1342"]
[WhiteRD "71"]
[BlackElo "1468"]
[BlackRD "55"]
[GameID "81242"]

1. e4 e5 2. Nf3 Nc6 3. Nc3 Nf6 4. Nxe5 Nxe5 5. d4 Nc6 6. e5 Ng4 7. Qxg4 d6 8. Qf3 dxe5 9. Bc4 Be6 10. d5 Nd4
11. Qe4 Bd7 12. Bf4 f6 13. Bg3 Bf5 14. Qh4 Nxc2+ 15. Kd2 Nxa1 16. Rxa1 c6 17. Ne4 cxd5 18. Bb5+ Bd7 19. Bxd7+ Qxd7 20. Rc1 dxe4+
21. Ke1 Bb4+ 22. Kf1 Qd3+ 23. Kg1 Rd8 24. h3 e3 25. fxe3 Qxe3+
0-1

[Event "Carlos Di Sarli in memorian"]
[Site "SchemingMind.com"]
[Date "2006.12.10"]
[Round "-"]
[White "Brerrabbit"]
[Black "Negrito19"]
[Result "0-1"]
[WhiteCountry "SCO"]
[BlackCountry "ARG"]
[WhiteElo "1342"]
[WhiteRD "71"]
[BlackElo "1551"]
[BlackRD "55"]
[GameID "81243"]

1. e4 e5 2. Nf3 Nc6 3. Nc3 Bc5 4. Bc4 d6 5. d3 Bg4 6. Bg5 f6 7. Be3 Bxe3 8. fxe3 Nh6 9. h3 Bxf3 10. gxf3 f5
11. Qe2 Qh4+ 12. Qf2 Qxf2+ 13. Kxf2 fxe4 14. Nxe4 O-O-O 15. f4 Rhf8 16. Rhg1 g6 17. Kf3 d5 18. Ng5 Rd6 19. Nxh7 Rf5 20. Rad1 dxc4
21. dxc4 exf4 22. Rxd6 cxd6 23. Rxg6 Ne5+ 24. Ke4 Nxg6 25. exf4 Rxf4+ 26. Kd5 Kd7 27. b4 Ne7#
0-1

[Event "Carlos Di Sarli in memorian"]
[Site "SchemingMind.com"]
[Date "2006.12.10"]
[Round "-"]
[White "Brerrabbit"]
[Black "alejandra"]
[Result "1-0"]
[WhiteCountry "SCO"]
[BlackCountry "ARG"]
[WhiteElo "1303"]
[WhiteRD "74"]
[BlackElo "1184"]
[BlackRD "80"]
[GameID "81244"]

1. e4 Nf6 2. Nc3 e5 3. Nf3 d6 4. d4 Nc6 5. d5 Nb4 6. Bb5+ c6 7. Be2 Ng4 8. Be3 c5 9. Qd2 Be7 10. O-O-O O-O
11. Bg5 f6 12. Be3 Bd7 13. h3 f5 14. hxg4 f4 15. g5 fxe3 16. fxe3 Qa5 17. a3 Ba4 18. axb4 Qxb4 19. Nxa4 Qxa4 20. Qc3 Qxe4
21. Bd3 Qxe3+ 22. Kb1 Rf4 23. Bxh7+ Kf8 24. Qxe3 Bd8 25. g3 Rb4 26. Bg6 a5 27. Nxe5 Ke7 28. Nc6+ Kd7 29. Qe8+ Kc7 30. Rh7 bxc6
31. Rxg7+ Kc8 32. Bf5+
1-0

[Event "Carlos Di Sarli in memorian"]
[Site "SchemingMind.com"]
[Date "2006.12.09"]
[Round "-"]
[White "Brerrabbit"]
[Black "Guillote"]
[Result "0-1"]
[WhiteCountry "SCO"]
[BlackCountry "ARG"]
[WhiteElo "1342"]
[WhiteRD "71"]
[BlackElo "1587"]
[BlackRD "76"]
[GameID "81245"]

1. e4 e5 2. Nf3 Nc6 3. Nc3 Bc5 4. Bb5 Nge7 5. Bc4 d6 6. Ng5 O-O 7. Qh5 h6 8. Nxf7 Rxf7 9. Qxf7+ Kh8 10. d3 Nd4
11. O-O Bd7 12. Ne2 Nxc2 13. Ng3 Qe8 14. Qxe8+ Rxe8 15. Rb1 Ng6 16. b3 a6 17. Rb2 Nd4 18. Be3 b5 19. Bf7 Nf8 20. Bxe8 Bxe8
21. f4 Nde6 22. f5 Bxe3+ 23. Kh1 Nc5 24. Re2 Bf4 25. Rf3 Nfd7 26. Nf1 Bh5 27. Rh3 Bxe2 28. Kg1 Bxd3 29. g3 Bg5 30. Kf2 Bxe4
31. g4 Nf6 32. Ne3 Bxe3+ 33. Kxe3 Nxg4+ 34. Kd2 Bxf5 35. Rf3 g6 36. h3 Nf6 37. b4 Nce4+ 38. Kd1 Nd5
0-1

[Event "Carlos Di Sarli in memorian"]
[Site "SchemingMind.com"]
[Date "2006.12.10"]
[Round "-"]
[White "Tahur"]
[Black "Brerrabbit"]
[Result "1-0"]
[WhiteCountry "ARG"]
[BlackCountry "SCO"]
[WhiteElo "1468"]
[WhiteRD "55"]
[BlackElo "1342"]
[BlackRD "71"]
[GameID "81246"]

1. e4 e5 2. Nf3 Nc6 3. Bc4 Bc5 4. Nc3 Nf6 5. h3 Nd4 6. d3 d6 7. a3 d5 8. exd5 O-O 9. Nxe5 Re8 10. Bf4 a6
11. O-O b5 12. Bb3 Bb7 13. Bg5 Bxd5 14. Bxd5 Rxe5 15. Bxf6 gxf6 16. Bxa8 Qxa8 17. Ne4 Bd6 18. Nxf6+ Kg7 19. Ng4 Rg5 20. c3 Nf5
21. Qd2 Rg6 22. c4 Nh4 23. f3 f5 24. Ne3 Bf4 25. Kf2 Rxg2+ 26. Nxg2 Bxd2 27. Nxh4 Qf8 28. Rad1 Qc5+ 29. Kg2 Bf4 30. Rfe1 Bg5
31. b4 Qd6 32. Nxf5+
1-0

[Event "Carlos Di Sarli in memorian"]
[Site "SchemingMind.com"]
[Date "2006.12.10"]
[Round "-"]
[White "Negrito19"]
[Black "Brerrabbit"]
[Result "0-1"]
[WhiteCountry "ARG"]
[BlackCountry "SCO"]
[WhiteElo "1551"]
[WhiteRD "55"]
[BlackElo "1342"]
[BlackRD "71"]
[GameID "81247"]

1. e4 e5 2. Bc4 Nf6 3. Nf3 c6 4. Nxe5 Qe7 5. d4 d6 6. Nxf7 Rg8 7. Nc3 Nxe4 8. Nxe4 Qxe4+ 9. Qe2 Qxe2+ 10. Kxe2 d5
11. Bxd5 cxd5 12. Ng5 Nc6 13. c3 Be7 14. Nxh7 Bf5 15. Ng5 Rf8 16. Ne6 Bxe6 17. f3 g5 18. b4 g4 19. Bh6 Rh8 20. Bg7 Rh7
21. Be5 Nxe5 22. dxe5 Rh5 23. Raf1 g3 24. h3 Rxe5+ 25. Kd1 Rc8 26. f4 Re4 27. Rf3 d4 28. f5 Bxf5 29. Rxf5 Rxc3 30. Kd2 Bxb4
31. Kd1 Ra3 32. Kc2 d3+ 33. Kb2 Re2+ 34. Kb1 Raxa2 35. Rc1 Reb2#
0-1

[Event "Carlos Di Sarli in memorian"]
[Site "SchemingMind.com"]
[Date "2006.12.11"]
[Round "-"]
[White "alejandra"]
[Black "Brerrabbit"]
[Result "1-0"]
[WhiteCountry "ARG"]
[BlackCountry "SCO"]
[WhiteElo "1184"]
[WhiteRD "80"]
[BlackElo "1303"]
[BlackRD "74"]
[GameID "81248"]

1. d4 d5 2. Bf4 Nc6 3. e3 Nf6 4. Nc3 Ne4 5. Bd3 e5 6. dxe5 Bb4 7. Qe2 Be6 8. Nh3 Qd7 9. Qh5 Nxc3 10. O-O O-O-O
11. bxc3 Bxc3 12. Rab1 g6 13. Qd1 d4 14. Qe2 Bg4 15. f3 Bxh3 16. exd4 Bxd4+ 17. Be3 Be6 18. Ba6 Rde8 19. Kh1 Bxe3 20. Qb5 Bb6
21. Rfd1 Qe7 22. Qxc6
1-0

[Event "Carlos Di Sarli in memorian"]
[Site "SchemingMind.com"]
[Date "2006.12.10"]
[Round "-"]
[White "Guillote"]
[Black "Brerrabbit"]
[Result "1-0"]
[WhiteCountry "ARG"]
[BlackCountry "SCO"]
[WhiteElo "1587"]
[WhiteRD "76"]
[BlackElo "1342"]
[BlackRD "71"]
[GameID "81249"]

1. e4 e5 2. f4 exf4 3. Nf3 Be7 4. Bc4 Nf6 5. Nc3 Ng4 6. d4 Ne3 7. Bxe3 fxe3 8. O-O Nc6 9. Ne5 Nxe5 10. dxe5 Bc5
11. Bxf7+ Ke7 12. Nd5+ Kf8 13. Bh5+ Kg8 14. Nxe3 Bxe3+ 15. Kh1 Qh4 16. Qf3 Qe7 17. Qxe3 Qxe5 18. Qf3 Qe7 19. Rf2 d6 20. Raf1 Be6
21. e5 dxe5 22. Qxb7 Rd8 23. Qxa7 g6 24. Bf3 Kg7 25. b3 Rhf8 26. c4 Bf5 27. a4 Rd7 28. a5 Rfd8 29. a6 c5 30. Qb6 e4
31. g4 Rd6 32. Qxc5 e3 33. Re1 Be4 34. Qxe3 Rd3 35. Qxe4 Qd7 36. Qe5+ Kh6 37. g5#
1-0

[Event "Carlos Di Sarli in memorian"]
[Site "SchemingMind.com"]
[Date "2006.12.11"]
[Round "-"]
[White "juanca"]
[Black "Brerrabbit"]
[Result "1-0"]
[WhiteCountry "ESP"]
[BlackCountry "SCO"]
[WhiteElo "1392"]
[WhiteRD "72"]
[BlackElo "1316"]
[BlackRD "65"]
[GameID "81360"]

1. e4 e5 2. Nf3 Nc6 3. Bc4 Nge7 4. O-O d6 5. Ng5 Be6 6. Bxe6 fxe6 7. Nxe6 Qd7 8. Nxf8 Kxf8 9. Nc3 Ke8 10. d3 Rf8
11. Qh5+ g6 12. Qxh7 Nd4 13. Bh6 Rg8 14. f4 Qe6 15. fxe5 Qxe5 16. Nd5 Kd7 17. Rf7 Ne2+ 18. Kh1 Rae8 19. Rxe7+ Rxe7 20. Nxe7 Qxe7
21. Qxg8 d5 22. Qxg6 Qh4 23. Qg7+ Kc6 24. exd5+ Kxd5 25. c4+ Kc5 26. Be3+ Kd6 27. c5+ Kd5 28. d4
1-0

[Event "Carlos Di Sarli in memorian"]
[Site "SchemingMind.com"]
[Date "2006.12.10"]
[Round "-"]
[White "juanca"]
[Black "Tahur"]
[Result "0-1"]
[WhiteCountry "ESP"]
[BlackCountry "ARG"]
[WhiteElo "1392"]
[WhiteRD "72"]
[BlackElo "1462"]
[BlackRD "59"]
[GameID "81361"]

1. e4 e5 2. Nf3 Nc6 3. Bc4 Nf6 4. Nc3 Bc5 5. O-O d6 6. d3 h6 7. Bb5 Bd7 8. Bxc6 Bxc6 9. d4 exd4 10. Nxd4 Nxe4
11. Re1 d5 12. Nxc6 bxc6 13. Nxe4 dxe4 14. Rxe4+ Be7 15. Bf4 O-O 16. Qxd8 Bxd8 17. Rc4 g5 18. Be3 Bf6 19. c3 a6 20. Rxc6 Be5
21. Rxh6 Bg7 22. Rc6 Be5 23. Bxg5 f6 24. Be3 a5 25. f4 Bd6 26. Bd4 f5 27. Re1 Bxf4 28. Re7 Rf7 29. Rxf7 Kxf7 30. g3 Bd6
31. Bc5 Ke6 32. Bxd6 cxd6 33. h4 Rg8 34. Kg2 f4 35. Ra6 Rxg3+ 36. Kf2 Rh3 37. Rxa5 Rh2+ 38. Kf3 Rxh4 39. Rb5 d5 40. a4 Ke5
41. a5 Rh3+ 42. Kf2 Ke4 43. a6 Rh2+ 44. Kg1 Rh8 45. a7 Ra8 46. Rb7 Kf3 47. b4 Ke2 48. b5 f3 49. Re7+ Kd3 50. b6 Kxc3
51. Rb7 Kd3 52. Rb8 Ke2 53. Re8+ Rxe8 54. b7 f2+ 55. Kh2 Rh8+ 56. Kg3 f1=Q 57. b8=Q Qf3#
0-1

[Event "Carlos Di Sarli in memorian"]
[Site "SchemingMind.com"]
[Date "2006.12.11"]
[Round "-"]
[White "juanca"]
[Black "Negrito19"]
[Result "0-1"]
[WhiteCountry "ESP"]
[BlackCountry "ARG"]
[WhiteElo "1392"]
[WhiteRD "72"]
[BlackElo "1560"]
[BlackRD "56"]
[GameID "81362"]

1. e4 e5 2. Nf3 Nc6 3. Bc4 h6 4. O-O Bc5 5. Nc3 d6 6. d4 exd4 7. Nd5 Nf6 8. Nxf6+ Qxf6 9. Bb5 Bd7 10. b3 a6
11. Bxc6 Bxc6 12. Re1 O-O-O 13. e5 dxe5 14. Rxe5 Rd5 15. Rxd5 Bxd5 16. Bb2 Bxf3 17. gxf3 Rd8 18. Qd3 Rd5 19. Re1 Rf5 20. Qe4 Rxf3
21. Qg4+ Kd8 22. Re2 Rf4 23. Qg3 h5 24. Kf1 Rg4 25. Qd3 Qc6 26. Ke1 Bb4+ 27. c3 Bxc3+ 28. Bxc3 Qxc3+ 29. Qxc3 dxc3 30. Rc2 Rg2
31. h4 Rg1+ 32. Ke2 g5 33. hxg5 Rxg5 34. Rxc3 h4 35. Rh3 Rh5 36. Kf3 f5 37. a4 b6 38. Kf4 Ke7 39. Kf3 Kf6 40. Kg2 f4
41. Rc3 c5 42. Kh3 Kg5 43. f3 Rh6 44. Rd3 Rf6 45. Rd8 a5 46. Ra8 Rd6 47. Rg8+ Rg6 48. Rxg6+ Kxg6 49. Kxh4 Kf5 50. Kh3 Kg5
51. Kg2 Kh4 52. Kf2 Kh3 53. Kf1 Kg3 54. Ke2 Kg2 55. Ke1 Kxf3 56. Kf1 Ke3 57. Ke1 f3 58. Kf1 Kd3 59. Kf2 Kc3 60. Kxf3 Kxb3
61. Ke3 Kxa4 62. Kd3 Kb4 63. Kc2 a4 64. Kb2 a3+ 65. Ka2 c4 66. Ka1 c3 67. Kb1 b5 68. Ka1 c2 69. Ka2 Ka4 70. Ka1 c1=Q+
71. Ka2 Qb2#
0-1

[Event "Carlos Di Sarli in memorian"]
[Site "SchemingMind.com"]
[Date "2006.12.13"]
[Round "-"]
[White "juanca"]
[Black "alejandra"]
[Result "0-1"]
[WhiteCountry "ESP"]
[BlackCountry "ARG"]
[WhiteElo "1348"]
[WhiteRD "76"]
[BlackElo "1168"]
[BlackRD "84"]
[GameID "81363"]

1. e4 Nf6 2. Nc3 e5 3. Nf3 Bc5 4. Bc4 Ng4 5. O-O d6 6. h3 h5 7. hxg4 hxg4 8. Nh2 Qh4 9. Re1 Qxf2+ 10. Kh1 Qh4
11. Bxf7+ Ke7 12. Nd5+ Kd8 13. d4 Qxh2#
0-1

[Event "Carlos Di Sarli in memorian"]
[Site "SchemingMind.com"]
[Date "2006.12.10"]
[Round "-"]
[White "juanca"]
[Black "Guillote"]
[Result "1/2-1/2"]
[WhiteCountry "ESP"]
[BlackCountry "ARG"]
[WhiteElo "1392"]
[WhiteRD "72"]
[BlackElo "1583"]
[BlackRD "81"]
[GameID "81364"]

1. e4 e5 2. Nf3 Nc6 3. Bb5 Nge7 4. O-O a6 5. Ba4 b5 6. Bb3 Ng6 7. d4 Be7 8. dxe5 Ncxe5 9. Nc3 O-O 10. Nd5 Bb7
11. Nxe7+ Qxe7 12. Nxe5 Qxe5 13. Qxd7 Qxe4 14. f3 Qe2 15. Qxc7 Rab8 16. Bxf7+ Kh8 17. Bxg6 hxg6 18. b3 Qe6 19. Bb2 Qf7 20. Qg3 Rbd8
21. Rad1 Qf5 22. Rxd8 Rxd8 23. Qc7 Qd7 24. Qg3 Qd2 25. Qxg6 Rd7 26. h3 a5 27. a3 b4 28. axb4 axb4 29. h4 Qe3+ 30. Kh1 Qe2
31. Rg1 Qe3 32. h5 Kg8 33. h6 Qxh6+ 34. Qxh6 gxh6 35. Rc1 Rd2 36. Be5 Kf7 37. c3 Rb2 38. cxb4 Rxb3 39. Bd6 Ke6 40. Bc5 Kd5
41. Kh2 Ke5 42. Kg3 Kf5 43. Re1 h5 44. Re3 Rb2 45. Re7 Bc6 46. Rf7+ Kg5 47. f4+ Kg6 48. Rf8 Rxg2+ 49. Kh4 Bf3 50. Rg8+ Kf5
51. Rxg2 Bxg2 52. Kg3 Bc6 53. Bd6 Bd5 54. b5 Be4 55. b6 Bc6 56. Kh4 Bf3 57. Be5 Ke6 58. Bc7 Kf5 59. b7 Bxb7= 60. Kxh5 Be4
61. Kh6=
1/2-1/2

[Event "Carlos Di Sarli in memorian"]
[Site "SchemingMind.com"]
[Date "2006.12.10"]
[Round "-"]
[White "Brerrabbit"]
[Black "juanca"]
[Result "1-0"]
[WhiteCountry "SCO"]
[BlackCountry "ESP"]
[WhiteElo "1342"]
[WhiteRD "71"]
[BlackElo "1320"]
[BlackRD "82"]
[GameID "81365"]

1. e4 e5 2. Nf3 Nc6 3. Nc3 d6 4. d4 exd4 5. Nxd4 Nxd4 6. Qxd4 Be7 7. Bc4 Nf6 8. e5 Ng4 9. Qf4 O-O 10. Qf3 Nxe5
11. Qg3 Nxc4 12. Bh6 Bf6 13. O-O Bxc3 14. bxc3 Qf6 15. Bg5 Qg6 16. Rae1 h6 17. Be7 Re8 18. f4 Qxc2 19. Bf6 g6 20. Rxe8+ Kh7
21. Rh8#
1-0

[Event "Carlos Di Sarli in memorian"]
[Site "SchemingMind.com"]
[Date "2006.12.10"]
[Round "-"]
[White "Tahur"]
[Black "juanca"]
[Result "0-1"]
[WhiteCountry "ARG"]
[BlackCountry "ESP"]
[WhiteElo "1468"]
[WhiteRD "55"]
[BlackElo "1320"]
[BlackRD "82"]
[GameID "81366"]

1. e4 e5 2. Nf3 Nc6 3. Nc3 d6 4. h3 Bd7 5. Bc4 h6 6. d3 Nf6 7. O-O Be7 8. Nd5 O-O 9. Nxf6+ Bxf6 10. a3 a6
11. b4 b5 12. Bd5 Rc8 13. Bxc6 Bxc6 14. Re1 Re8 15. Qd2 d5 16. exd5 Bxd5 17. Bb2 Bxf3 18. gxf3 Qd7 19. Kg2 Qf5 20. Rac1 Bg5
21. Qc3 Bxc1 22. Rxc1 Re6 23. d4 Rg6+ 24. Kf1 Qxh3+ 25. Ke2 exd4 26. Qxd4 Re8+ 27. Kd2 Qxf3 28. Re1 Rxe1 29. Kxe1 Rg1+ 30. Kd2 Rd1#
0-1

[Event "Carlos Di Sarli in memorian"]
[Site "SchemingMind.com"]
[Date "2006.12.11"]
[Round "-"]
[White "Negrito19"]
[Black "juanca"]
[Result "0-1"]
[WhiteCountry "ARG"]
[BlackCountry "ESP"]
[WhiteElo "1560"]
[WhiteRD "56"]
[BlackElo "1392"]
[BlackRD "72"]
[GameID "81367"]

1. e4 e5 2. Nf3 Nc6 3. Nc3 Bb4 4. Nd5 Nf6 5. Nxb4 Nxb4 6. a3 Nc6 7. d4 exd4 8. Nxd4 Nxd4 9. Qxd4 d6 10. Bg5 O-O
11. O-O-O Re8 12. f3 Re6 13. Bc4 c5 14. Qc3 Re5 15. Bf4 Re8 16. Rxd6 Qe7 17. Rhd1 b6 18. e5 Nh5 19. Bb5 Nxf4 20. Bxe8 Ne2+
21. Kb1 Nxc3+ 22. bxc3 Bf5 23. Bc6 Rf8 24. f4 Qh4 25. Bd7 Qg4 26. Bxf5 Qxf5 27. Rd8 Qxf4 28. R8d7 Qxe5 29. Rxa7 Qxc3 30. Rd3 Qe1+
31. Kb2 c4 32. Rc3 b5 33. Rb7 Qe5 34. g3 h6 35. Ra7 Qe2 36. h4 f5 37. Ra5 Qe5 38. a4 Rb8 39. axb5 Rxb5+ 40. Rxb5 Qxb5+
41. Kc1 Qe5 42. Rxc4 Qxg3 43. Kb2 f4 44. h5 f3 45. Rc3 Qe5 46. Kb3 Qf5 47. Rd3 f2 48. Rd1 f1=Q 49. Rxf1 Qxf1 50. c4 Qf3+
51. Kb4 Qxh5 52. c5 Qe8 53. Kc4 Qc8 54. Kd5 g5 55. c6 g4 56. Kd6 g3 57. c7 g2 58. Kc6 g1=Q 59. Kd6 Qg7 60. Kc6 Qgxc7+
61. Kb5 Q7b7+
0-1

[Event "Carlos Di Sarli in memorian"]
[Site "SchemingMind.com"]
[Date "2006.12.10"]
[Round "-"]
[White "alejandra"]
[Black "juanca"]
[Result "1-0"]
[WhiteCountry "ARG"]
[BlackCountry "ESP"]
[WhiteElo "1209"]
[WhiteRD "85"]
[BlackElo "1328"]
[BlackRD "79"]
[GameID "81368"]

1. e4 e5 2. Bc4 Nc6 3. d3 Nf6 4. Nf3 Bc5 5. Be3 Bxe3 6. fxe3 O-O 7. c3 Ng4 8. Qe2 d6 9. h3 Nf6 10. Nbd2 d5
11. exd5 Nxd5 12. d4 exd4 13. exd4 Nf4 14. Qe4 Re8 15. Ne5 Nxe5 16. dxe5 Ng6 17. O-O Rf8 18. e6 fxe6 19. Bxe6+ Bxe6 20. Qxe6+ Kh8
21. Ne4 Re8 22. Qc4 c6 23. Ng5 Ne5 24. Qh4 h6 25. Rf5 Ng6 26. Qh5 Qc8 27. Nf7+ Kh7 28. Nxh6 gxh6 29. Rf7+ Kh8 30. Qxh6+ Kg8
31. Qg7#
1-0

[Event "Carlos Di Sarli in memorian"]
[Site "SchemingMind.com"]
[Date "2006.12.11"]
[Round "-"]
[White "Guillote"]
[Black "juanca"]
[Result "1-0"]
[WhiteCountry "ARG"]
[BlackCountry "ESP"]
[WhiteElo "1583"]
[WhiteRD "81"]
[BlackElo "1392"]
[BlackRD "72"]
[GameID "81369"]

1. e4 e5 2. Nf3 Nc6 3. Bc4 Bc5 4. Nc3 Nf6 5. d3 d6 6. Ng5 O-O 7. O-O Nd4 8. f4 a6 9. a3 b5 10. Ba2 Bg4
11. Qd2 h6 12. Kh1 Qe7 13. Nd5 Qd8 14. c3 Nc6 15. Nf3 Bxf3 16. Rxf3 exf4 17. Qxf4 Ne7 18. Nxf6+ gxf6 19. Qxf6 Ng6 20. Bxh6 Qxf6
21. Rxf6 Ne5 22. Bxf8 Rxf8 23. d4 Nd7 24. Rf5 Bb6 25. Raf1 c5 26. Rxf7 Rxf7 27. Rxf7 Kh8 28. Rxd7 cxd4 29. cxd4 Bxd4 30. b4 Bb2
31. Rxd6 Bxa3 32. Rxa6 Bxb4 33. g4 Bd2 34. e5 Kg7 35. h4 Kf8 36. Kg2 Bf4 37. e6 Ke7 38. Kf3 Be5 39. g5 Bg7 40. h5 Bh8
41. h6 b4 42. g6 Kf6 43. g7 Bxg7 44. hxg7 Kxg7 45. Kf4 Kf6 46. Ra7
1-0

[Event "Carlos Di Sarli in memorian"]
[Site "SchemingMind.com"]
[Date "2006.12.10"]
[Round "-"]
[White "mart_r3000"]
[Black "juanca"]
[Result "0-1"]
[WhiteCountry "ENG"]
[BlackCountry "ESP"]
[WhiteElo "1286"]
[WhiteRD "52"]
[BlackElo "1392"]
[BlackRD "72"]
[GameID "81385"]

1. e4 e5 2. d4 exd4 3. Bd3 d6 4. Nf3 Bg4 5. O-O Nf6 6. Re1 Be7 7. h3 Bxf3 8. Qxf3 O-O 9. e5 dxe5 10. Rxe5 c6
11. Bg5 Nbd7 12. Bxf6 Bxf6 13. Qh5 g6 14. Qe2 Nxe5 15. Be4 Re8 16. Nd2 Nd7 17. f3 Nc5 18. Re1 Na4 19. Nc4 d3 20. cxd3 Qd4+
21. Kh1 Nxb2 22. Nxb2 Qxb2 23. Qxb2 Bxb2 24. Rb1 Bd4 25. Rxb7 c5 26. Rd7 a5 27. Bd5 Rf8 28. g4 Rab8 29. Kg2 Rb2+ 30. Kg3 a4
31. a3 Rd2 32. Bc4 Rd1 33. Kf4 Ra1 34. Kg5 Rxa3 35. Kh6 Be3+ 36. g5 Ra1 37. Bxf7+ Rxf7 38. Rd5 Rh1 39. Rd8+ Rf8 40. Rxf8+ Kxf8
41. Kxh7 Rxh3+ 42. Kxg6 Rg3 43. Kf5 Bxg5 44. Ke4 a3 45. f4 Be7 46. f5 a2 47. Ke5 a1=Q+ 48. Kf4 Rxd3
0-1

[Event "Carlos Di Sarli in memorian"]
[Site "SchemingMind.com"]
[Date "2006.12.11"]
[Round "-"]
[White "mart_r3000"]
[Black "Brerrabbit"]
[Result "0-1"]
[WhiteCountry "ENG"]
[BlackCountry "SCO"]
[WhiteElo "1286"]
[WhiteRD "52"]
[BlackElo "1316"]
[BlackRD "65"]
[GameID "81386"]

1. e4 e5 2. Nf3 Nc6 3. d4 Nf6 4. Nc3 Bb4 5. Bc4 d6 6. Ng5 exd4 7. Nxf7 Qe7 8. O-O Rf8 9. Ng5 dxc3 10. a3 Bc5
11. h3 Ne5 12. Bb5+ c6 13. Ba4 h6 14. Nf3 Nxe4 15. Nxe5 dxe5 16. Qd3 Ng5 17. Kh1 Bf5 18. Qd5 Rd8 19. Bxc6+ bxc6 20. Qxc6+ Bd7
21. Qg6+ Qf7 22. Qd3 Bf5 23. Qb5+ Rd7 24. Qb8+ Rd8 25. Qxe5+ Ne6 26. b4 Bd4 27. Qb5+ Qd7 28. Qe2 Qd5 29. f3 Qe5 30. Qxe5 Bxe5
31. Be3 a6 32. Rae1 Bxc2 33. Rc1 Bd3 34. Rfe1 Bg3 35. Red1 c2 36. Rd2 Nf4 37. Bxf4 Bxf4 38. Re1+ Kf7
0-1